MARC details
| 000 -CABECERA |
| campo de control de longitud fija |
02613cam a2200361 i 4500 |
| 001 - NÚMERO DE CONTROL |
| campo de control |
991107479052106196 |
| 005 - FECHA Y HORA DE LA ÚLTIMA TRANSACCIÓN |
| campo de control |
20250408093824.0 |
| 008 - DATOS DE LONGITUD FIJA--INFORMACIÓN GENERAL |
| campo de control de longitud fija |
240731s2025 maua b 001 0 eng |
| 010 ## - NÚMERO DE CONTROL DE LA BIBLIOTECA DEL CONGRESO |
| Número de control de LC |
2024027742 |
| 020 ## - NÚMERO INTERNACIONAL ESTÁNDAR DEL LIBRO |
| Número Internacional Estándar del Libro |
9798892790475 |
| 035 ## - NÚMERO DE CONTROL DEL SISTEMA |
| Número de control de sistema |
(OCoLC)1446794188 |
| Número de control cancelado/no válido |
(OCoLC)1474543592 |
| -- |
(OCoLC)1490018412 |
| 035 ## - NÚMERO DE CONTROL DEL SISTEMA |
| Número de control de sistema |
(OCoLC)on1446794188 |
| 040 ## - FUENTE DE LA CATALOGACIÓN |
| Centro catalogador/agencia de origen |
DLC |
| Lengua de catalogación |
eng |
| Normas de descripción |
rda |
| Centro/agencia transcriptor |
DLC |
| Centro/agencia modificador |
YDX |
| -- |
BDX |
| -- |
OCLCO |
| -- |
IG# |
| -- |
NLMVD |
| -- |
JAS |
| -- |
YDX |
| 041 ## - CÓDIGO DE LENGUA |
| Código de lengua del texto/banda sonora o título independiente |
eng |
| 042 ## - CÃDIGO DE AUTENTICACIÃN |
| Código de autenticación |
pcc |
| 050 00 - SIGNATURA TOPOGRÁFICA DE LA BIBLIOTECA DEL CONGRESO |
| Número de clasificación |
HD30.2 |
| Número de documento/Ítem |
.F377 2025 |
| 100 ## - ENTRADA PRINCIPAL--NOMBRE DE PERSONA |
| Nombre de persona |
Farri, Elisa |
| Término indicativo de función/relación |
author |
| 9 (RLIN) |
25149 |
| 245 10 - MENCIÓN DE TÍTULO |
| Título |
HBR guide to generative AI for managers |
| Mención de responsabilidad, etc. |
/ Elisa Farri and Gabriele Rosani, Capgemini. |
| 246 3# - FORMA VARIANTE DE TÍTULO |
| Título propio/Titulo breve |
Harvard business review guide to generative AI for managers |
| 246 30 - FORMA VARIANTE DE TÍTULO |
| Título propio/Titulo breve |
Generative AI for managers |
| 246 3# - FORMA VARIANTE DE TÍTULO |
| Título propio/Titulo breve |
Artificial intelligence for managers |
| 260 ## - PUBLICACIÓN, DISTRIBUCIÓN, ETC. |
| Lugar de publicación, distribución, etc. |
Boston, MA : |
| Nombre del editor, distribuidor, etc. |
Harvard Business Review Press, |
| Fecha de publicación, distribución, etc. |
2025. |
| 300 ## - DESCRIPCIÓN FÍSICA |
| Extensión |
xiv, 262 pages : |
| Otras características físicas |
illustrations ; |
| Dimensiones |
23 cm. |
| 490 ## - MENCIÓN DE SERIE |
| Mención de serie |
Harvard business review guides |
| 504 ## - NOTA DE BIBLIOGRAFÍA, ETC. |
| Nota de bibliografía, etc. |
Includes bibliographical references and index. |
| 520 ## - SUMARIO, ETC. |
| Sumario, etc. |
You're probably aware that generative AI can output quality text in any style and create stunning images in seconds. But smart managers are using gen AI for much more-business case development, data analysis, strategic exploration, and dozens of other applications. Soon, managers who develop their generative AI capabilities will be leaping ahead of managers who don't. Fortunately, you can start now and see results fast. The HBR Guide to Generative AI for Managers is packed with practical tips, prompts, case studies, and ideas to apply gen AI to dozens of managerial tasks right away and achieve incredible results. It's time for you to develop your gen AI-enabled mindset. This book will show you how. You'll learn how to: Understand key terms and concepts; identify the risks and rewards of generative AI; enhance your productivity; employ gen AI as both a copilot and a co-thinker; use the generative AI platform that best suits your needs; and leverage gen AI for business decisions and leading change. Arm yourself with the advice you need to succeed on the job with the most trusted brand in business. Packed with how-to essentials from leading experts, the HBR Guides provide smart answers to your most pressing work challenges. |
| 650 #0 - PUNTO DE ACCESO ADICIONAL DE MATERIA--TÉRMINO DE MATERIA |
| Término de materia o nombre geográfico como elemento de entrada |
Management |
| Subdivisión general |
Technological innovations |
| 9 (RLIN) |
23578 |
| 650 #0 - PUNTO DE ACCESO ADICIONAL DE MATERIA--TÉRMINO DE MATERIA |
| Término de materia o nombre geográfico como elemento de entrada |
Business enterprises |
| Subdivisión general |
Information technology |
| -- |
Management |
| 9 (RLIN) |
25150 |
| 650 #0 - PUNTO DE ACCESO ADICIONAL DE MATERIA--TÉRMINO DE MATERIA |
| Término de materia o nombre geográfico como elemento de entrada |
Industrial management |
| 9 (RLIN) |
20469 |
| 700 ## - ENTRADA AGREGADA--NOMBRE PERSONAL |
| Nombre de persona |
Rosani, Gabriele |
| Término indicativo de función/relación |
author |
| 9 (RLIN) |
25151 |
| 710 ## - ENTRADA AGREGADA--NOMBRE DE ENTIDAD CORPORATIVA |
| Nombre de entidad corporativa o nombre de jurisdicción como elemento de entrada |
Cap Gemini Sogeti (Firm) |
| Término indicativo de función/relación |
sponsoring body |
| 9 (RLIN) |
25152 |
| 942 ## - ELEMENTOS DE ENTRADA AGREGADA (KOHA) |
| Fuente del sistema de clasificación o colocación |
Clasificación de Library of Congress |